[Event "XV Festival A"]
[Site "Porto San Giorgio ITA"]
[Date "2003.08.22"]
[Round "2"]
[White "Rotstein, Arkadij"]
[Black "Maccario, Mauro"]
[Result "1-0"]
[WhiteElo "2544"]
[BlackElo "1962"]
[PlyCount "75"]
[EventDate "2003.08.21"]

1. e4 c5 2. Nf3 e6 3. d4 cxd4 4. Nxd4 a6 5. Bd3 Nf6 6. O-O d6 7. c4 Qc7 8. Nc3
Nbd7 9. f4 g6 10. f5 gxf5 11. exf5 e5 12. Ne6 Qb6+ 13. Kh1 Be7 14. Ng7+ Kd8 15.
Nh5 Rg8 16. Be2 Qc6 17. Ng3 Nb6 18. Qb3 Ke8 19. Be3 Nbd7 20. Bf3 Qc7 21. Rac1
Nc5 22. Qc2 Rb8 23. b4 Ncd7 24. Qe2 b6 25. Rfd1 Bb7 26. Nd5 Bxd5 27. cxd5 Qb7
28. Rc6 a5 29. a3 axb4 30. axb4 Ra8 31. Rdc1 Qa6 32. Qc2 Ng4 33. Bxg4 Rxg4 34.
Ne4 Qa2 35. Rc8+ Bd8 36. Nxd6+ Ke7 37. f6+ Kxd6 38. Qc6# 1-0

[Event "XV Festival A"]
[Site "Porto San Giorgio ITA"]
[Date "2003.08.22"]
[Round "2"]
[White "Sciortino, Massimo"]
[Black "Glek, Igor V."]
[Result "0-1"]
[WhiteElo "2192"]
[BlackElo "2566"]
[PlyCount "64"]
[EventDate "2003.08.21"]

1. e4 e6 2. d4 d5 3. Nc3 Nf6 4. Bg5 Bb4 5. e5 h6 6. Bd2 Bxc3 7. bxc3 Ne4 8. Qg4
g6 9. Bd3 Nxd2 10. Kxd2 c5 11. h4 Qa5 12. dxc5 Nc6 13. f4 Qxc5 14. Nf3 Bd7 15.
h5 gxh5 16. Rxh5 O-O-O 17. Qh4 Rhg8 18. g4 d4 19. Ke2 dxc3 20. Rxh6 Nb4 21. Ne1
Bb5 22. Rd1 Bxd3+ 23. Nxd3 Rxd3 24. cxd3 c2 25. Rc1 Nxa2 26. Qh1 Nxc1+ 27. Qxc1
Rxg4 28. Rh8+ Kd7 29. Rh1 Rg2+ 30. Kf3 Qf2+ 31. Ke4 Rg3 32. Qe3 Qxe3# 0-1

[Event "XV Festival A"]
[Site "Porto San Giorgio ITA"]
[Date "2003.08.22"]
[Round "2"]
[White "Tomescu, Vlad"]
[Black "Valguarnera, Girolamo"]
[Result "1-0"]
[WhiteElo "2427"]
[BlackElo "2130"]
[PlyCount "69"]
[EventDate "2003.08.21"]

1. e4 d6 2. d4 g6 3. c4 Nf6 4. Nc3 Bg7 5. f3 O-O 6. Be3 Nc6 7. Nge2 e6 8. a3
Bd7 9. b4 e5 10. d5 Ne7 11. Qd2 h5 12. h3 Kh7 13. g4 Rh8 14. O-O-O b5 15. c5
Qb8 16. c6 Be8 17. Kc2 h4 18. Nc1 g5 19. Bxg5 Ng6 20. Be3 Ng8 21. Bd3 N8e7 22.
Nb3 Kg8 23. Ra1 Nf4 24. Bxf4 exf4 25. Qxf4 Ng6 26. Qe3 Qd8 27. g5 Be5 28. Ne2
Bxa1 29. Rxa1 Qe7 30. f4 Rh7 31. Ned4 f6 32. Rg1 Nf8 33. Ne6 Kf7 34. gxf6 Kxf6
35. e5+ 1-0

[Event "XV Festival A"]
[Site "Porto San Giorgio ITA"]
[Date "2003.08.22"]
[Round "2"]
[White "Ventura, Sergio"]
[Black "Horvath, Peter"]
[Result "0-1"]
[WhiteElo "2173"]
[BlackElo "2092"]
[PlyCount "34"]
[EventDate "2003.08.21"]

1. f4 d5 2. Nf3 g6 3. d4 Bg7 4. c3 Nf6 5. e3 c5 6. Bd3 O-O 7. O-O Qc7 8. Nbd2
Nc6 9. Ne5 Rb8 10. Qe1 b5 11. Nxc6 Qxc6 12. f5 b4 13. Qg3 Ba6 14. Bxa6 Qxa6 15.
Nb3 Ne4 16. Qe1 bxc3 17. bxc3 Rxb3 0-1

[Event "XV Festival A"]
[Site "Porto San Giorgio ITA"]
[Date "2003.08.23"]
[Round "3"]
[White "Aleksic, Nenad"]
[Black "Delizia, Costantino"]
[Result "1-0"]
[WhiteElo "2292"]
[BlackElo "2219"]
[PlyCount "193"]
[EventDate "2003.08.21"]

1. e4 e6 2. Nf3 d5 3. Nc3 Nf6 4. e5 Nfd7 5. d4 c5 6. dxc5 Nc6 7. Bf4 Bxc5 8.
Bd3 f6 9. exf6 Nxf6 10. O-O O-O 11. Ne5 Bd7 12. Qe2 Qe7 13. Rae1 Rae8 14. Bg3
a6 15. Nb1 Bd4 16. Nxc6 Bxc6 17. c3 Bc5 18. Nd2 Bd6 19. Bxd6 Qxd6 20. Nf3 h6
21. Ne5 Nd7 22. Qh5 Nxe5 23. Rxe5 Rf6 24. Qe2 Ref8 25. f3 Qc5+ 26. Kh1 Qd6 27.
Qe3 Be8 28. Re1 Bf7 29. Qd4 Bg6 30. Bf1 b5 31. a3 Kh7 32. Bd3 Kg8 33. Qe3 Bxd3
34. Qxd3 Qc6 35. Qe3 Kf7 36. h3 Re8 37. Qd4 Rc8 38. Qg4 Rc7 39. R1e2 Re7 40.
Qh5+ Kg8 41. Qh4 Qc4 42. Qg3 Kf7 43. Qf2 Rc7 44. Qb6 Qc6 45. Qe3 Qd6 46. Qf2
Qc5 47. Qh4 Qd6 48. Qh5+ Kf8 49. Qg4 Kf7 50. Rxe6 Rxe6 51. Rxe6 Qxe6 52. Qf4+
Kg8 53. Qxc7 Qe1+ 54. Kh2 Qc1 55. Qd8+ Kh7 56. Qxd5 Qxb2 57. Qf5+ Kg8 58. Qc8+
Kh7 59. Qxa6 Qxc3 60. Qxb5 Qxa3 61. Qe5 g5 62. h4 Qc1 63. Kg3 gxh4+ 64. Kxh4
Qd2 65. Kg3 Qd8 66. f4 Qd3+ 67. Kf2 Qc2+ 68. Kf3 Qd3+ 69. Qe3 Qd1+ 70. Kg3 Qd6
71. Qe4+ Kg8 72. Kh4 Qf6+ 73. Kh5 Kf8 74. Qg6 Qa1 75. Qxh6+ Kf7 76. Qg6+ Kf8
77. Qf5+ Kg8 78. Qe6+ Kf8 79. g4 Qh1+ 80. Kg5 Qc1 81. Qf6+ Kg8 82. Kg6 Qc7 83.
Qe6+ Kf8 84. Qf5+ Kg8 85. Qd5+ Kf8 86. Qa8+ Ke7 87. Qa3+ Ke8 88. Qa4+ Ke7 89.
Qb4+ Ke8 90. Qb5+ Kf8 91. Qf5+ Kg8 92. Qe6+ Kf8 93. Kg5 Qc1 94. Qd6+ Kf7 95.
Qd7+ Kg8 96. Kg6 Qb1+ 97. f5 1-0

[Event "XV Festival A"]
[Site "Porto San Giorgio ITA"]
[Date "2003.08.23"]
[Round "3"]
[White "Bondielli, Giorgio"]
[Black "Campo, Renato"]
[Result "1/2-1/2"]
[WhiteElo "2019"]
[BlackElo "2142"]
[PlyCount "93"]
[EventDate "2003.08.21"]

1. e4 e6 2. d4 d5 3. e5 c5 4. c3 Nc6 5. Nf3 Bd7 6. Bd3 cxd4 7. cxd4 Qb6 8. O-O
Nxd4 9. Nxd4 Qxd4 10. Nc3 a6 11. Qe2 Qh4 12. Bd2 Nh6 13. Rac1 Rc8 14. Rc2 Bc5
15. h3 O-O 16. Rfc1 Bd4 17. Nd1 Rxc2 18. Rxc2 f5 19. exf6 Qxf6 20. Be3 Nf5 21.
Bxf5 exf5 22. Qd3 Bxe3 23. Nxe3 d4 24. Nc4 Bc6 25. Rd2 Rd8 26. f3 g6 27. b3 b5
28. Na5 Be8 29. Nb7 Rd5 30. b4 f4 31. Nc5 g5 32. Ne4 Qe7 33. Qb3 Bf7 34. Qb2
Qe5 35. Qc2 Kg7 36. Qc6 Bg6 37. Qb7+ Kh6 38. Qc6 d3 39. Kh2 Qd4 40. Nf2 Rd6 41.
Qc8 Kg7 42. a3 h5 43. Qc7+ Rd7 44. Qc6 Qd6 45. Qc8 Rc7 46. Qb8 Qd7 47. Nxd3
1/2-1/2

[Event "XV Festival A"]
[Site "Porto San Giorgio ITA"]
[Date "2003.08.23"]
[Round "3"]
[White "Calandri, Fausto"]
[Black "Sciortino, Massimo"]
[Result "0-1"]
[WhiteElo "2115"]
[BlackElo "2192"]
[PlyCount "88"]
[EventDate "2003.08.21"]

1. e4 e5 2. Nf3 Nc6 3. d4 exd4 4. Nxd4 Bc5 5. Nxc6 Qf6 6. Qf3 Qxf3 7. gxf3 bxc6
8. Nd2 Ne7 9. Nb3 Bb6 10. Rg1 O-O 11. a4 a6 12. Be3 d6 13. Bxb6 cxb6 14. Rd1 d5
15. a5 b5 16. Nc5 f5 17. Bg2 fxe4 18. fxe4 Ng6 19. exd5 Bg4 20. Rd4 Rae8+ 21.
Re4 cxd5 22. Rxe8 Rxe8+ 23. Kd2 Re2+ 24. Kc1 Nf4 25. Bxd5+ Nxd5 26. Rxg4 Rxf2
27. Nxa6 Ne3 28. Re4 Nc4 29. Re1 Nxa5 30. b3 Nc6 31. Re4 Rxh2 32. Nc7 b4 33.
Nd5 h5 34. Nxb4 Nxb4 35. Rxb4 h4 36. Rg4 h3 37. b4 Rg2 38. Rh4 h2 39. Kb2 g5
40. Rh5 Kf7 41. b5 Ke7 42. Rh7+ Kd8 43. Kb3 g4 44. c4 Rg3+ 0-1

[Event "XV Festival A"]
[Site "Porto San Giorgio ITA"]
[Date "2003.08.23"]
[Round "3"]
[White "Cioara, Andrei Nestor"]
[Black "Efimov, Igor"]
[Result "1/2-1/2"]
[WhiteElo "2394"]
[BlackElo "2479"]
[PlyCount "21"]
[EventDate "2003.08.21"]

1. e4 Nf6 2. e5 Nd5 3. d4 d6 4. c4 Nb6 5. exd6 exd6 6. Nc3 Be7 7. Be2 Nc6 8.
Be3 O-O 9. Nf3 Re8 10. O-O Bg4 11. b3 1/2-1/2

[Event "XV Festival A"]
[Site "Porto San Giorgio ITA"]
[Date "2003.08.23"]
[Round "3"]
[White "Ciuksyte, Dagne"]
[Black "Bighiu, Gheorghe"]
[Result "1-0"]
[WhiteElo "2295"]
[BlackElo "2126"]
[PlyCount "81"]
[EventDate "2003.08.21"]

1. e4 e5 2. Nf3 Nf6 3. d4 Nxe4 4. Bd3 Nc6 5. O-O d5 6. c4 Bg4 7. cxd5 Qxd5 8.
Re1 f5 9. h3 Bh5 10. g4 Bg6 11. gxf5 Bxf5 12. Bxe4 Bxe4 13. Nc3 Bxf3 14. Nxd5
Bxd1 15. Nxc7+ Kd7 16. Nxa8 Bf3 17. dxe5 Bc5 18. e6+ Kc8 19. Bf4 Rf8 20. Bg3 h5
21. Rac1 Be7 22. h4 g5 23. hxg5 h4 24. Bh2 Rf5 25. Re5 Rxe5 26. Bxe5 Bxg5 27.
Rc3 Bd5 28. f4 Be7 29. f5 Bb4 30. Rc1 Bd2 31. Rc2 Be3+ 32. Kh2 Kd8 33. Nc7 Be4
34. Rxc6 bxc6 35. f6 Bc5 36. e7+ Bxe7 37. fxe7+ Kxe7 38. Kh3 c5 39. Kxh4 Kd7
40. Nb5 Ke6 41. Bc3 1-0

[Event "XV Festival A"]
[Site "Porto San Giorgio ITA"]
[Date "2003.08.23"]
[Round "3"]
[White "Di Michele, Rocco"]
[Black "Trent, Lawrence"]
[Result "0-1"]
[WhiteElo "1741"]
[BlackElo "2299"]
[PlyCount "116"]
[EventDate "2003.08.21"]

1. f4 g6 2. Nf3 Bg7 3. e3 c5 4. Be2 d6 5. O-O Nf6 6. d3 O-O 7. Qe1 Nc6 8. Nc3
Rb8 9. Qh4 d5 10. e4 dxe4 11. dxe4 Nd4 12. Bd1 Bg4 13. e5 Bxf3 14. Bxf3 Nxc2
15. Rb1 Nd7 16. Ne4 e6 17. Qh3 Nd4 18. Be3 Qe7 19. Bxd4 cxd4 20. Rfd1 Qd8 21.
g4 Qb6 22. Rd3 Rfd8 23. g5 Nc5 24. Nxc5 Qxc5 25. Bd1 b5 26. b4 Qd5 27. Bb3 Qe4
28. Qf3 Qxf3 29. Rxf3 Bf8 30. Kf1 Rbc8 31. a3 d3 32. Rd1 Rc3 33. Ba2 Rxa3 34.
Bb1 Bxb4 35. Bxd3 a6 36. Kg2 Ra2+ 37. Kg3 Kf8 38. h4 Ke7 39. Rc1 Ba5 40. h5
gxh5 41. Rh1 Rd4 42. Bxh7 Rdd2 43. Rff1 Re2 44. Kf3 Bb6 45. Re1 Rf2+ 46. Kg3
Ra3+ 47. Kh4 Rxf4+ 48. Kxh5 Bf2 49. Rc1 Re3 50. Bg8 Rxe5 51. Rc7+ Kf8 52. Kh6
Be3 53. Rc8+ Ke7 54. Rc7+ Ke8 55. Rh3 Rff5 56. Kh7 Bxg5 57. Rhc3 Bd8 58. Bxf7+
Rxf7+ 0-1

[Event "XV Festival A"]
[Site "Porto San Giorgio ITA"]
[Date "2003.08.23"]
[Round "3"]
[White "Djingarova, Emilia"]
[Black "Hensbergen, Willem"]
[Result "1-0"]
[WhiteElo "2300"]
[BlackElo "2163"]
[PlyCount "41"]
[EventDate "2003.08.21"]

1. e4 Nf6 2. e5 Nd5 3. c4 Nb6 4. d4 d6 5. exd6 cxd6 6. Nc3 g6 7. Be3 Bg7 8. Rc1
O-O 9. b3 e5 10. dxe5 dxe5 11. c5 N6d7 12. Ne4 Nc6 13. Bc4 Nd4 14. Nf3 Kh8 15.
O-O f5 16. Nd6 Nxf3+ 17. Qxf3 f4 18. Qd5 Qe7 19. Bd2 Nf6 20. Nf7+ Kg8 21. Qxe5
1-0

[Event "XV Festival A"]
[Site "Porto San Giorgio ITA"]
[Date "2003.08.23"]
[Round "3"]
[White "Ferri, Stefano"]
[Black "Ventura, Sergio"]
[Result "0-1"]
[WhiteElo "2069"]
[BlackElo "2173"]
[PlyCount "84"]
[EventDate "2003.08.21"]

1. d4 Nc6 2. Nf3 d5 3. Bf4 Nf6 4. e3 Nh5 5. Bg5 h6 6. Bh4 g5 7. Ne5 Nxe5 8.
dxe5 Ng7 9. Bg3 Nf5 10. Nc3 c6 11. Be2 Bg7 12. e4 Nxg3 13. hxg3 d4 14. Nb1 Qa5+
15. Nd2 Qxe5 16. Rh5 Be6 17. Bd3 O-O-O 18. f4 Qc7 19. Qf3 f6 20. f5 Bf7 21. Kf2
e6 22. Rhh1 Rhe8 23. Rae1 Kb8 24. b3 Bf8 25. e5 Bb4 26. Re2 exf5 27. Qxf5 Be6
28. Qh7 Bxd2 29. Qxc7+ Kxc7 30. Rxd2 fxe5 31. Rxh6 Bd5 32. Bf5 Rh8 33. Rh3 Kd6
34. g4 b5 35. a3 c5 36. Rg3 e4 37. Rd1 Ke5 38. Ke2 Rh2 39. Rf1 Rf8 40. Ra1 Kf4
41. Rh3 Rxg2+ 42. Kf1 Rxg4 0-1

[Event "XV Festival A"]
[Site "Porto San Giorgio ITA"]
[Date "2003.08.23"]
[Round "3"]
[White "Helmers, Wim G."]
[Black "Traini, Ido"]
[Result "1-0"]
[WhiteElo "2127"]
[BlackElo "1690"]
[PlyCount "55"]
[EventDate "2003.08.21"]

1. d4 Nf6 2. c4 e6 3. Nf3 c5 4. d5 exd5 5. cxd5 d6 6. Nc3 g6 7. e4 Bg7 8. Be2
O-O 9. O-O Re8 10. Qc2 a6 11. a4 Nbd7 12. Ra3 Ng4 13. h3 Nge5 14. Ne1 g5 15. f4
gxf4 16. Bxf4 Nf8 17. Nd1 Nfg6 18. Bg3 Qg5 19. Kh2 Bd7 20. Ne3 b5 21. Nf5 b4
22. Nxg7 Kxg7 23. Bf4 Qh4 24. Rg3 Kf8 25. Bg5 b3 26. Qb1 Qxg3+ 27. Kxg3 Bxa4
28. Qc1 1-0

[Event "XV Festival A"]
[Site "Porto San Giorgio ITA"]
[Date "2003.08.23"]
[Round "3"]
[White "Horvath, Peter"]
[Black "Orlov, Andrey"]
[Result "1/2-1/2"]
[WhiteElo "2092"]
[BlackElo "2391"]
[PlyCount "111"]
[EventDate "2003.08.21"]

1. d4 d6 2. Nf3 Bg4 3. c4 Nf6 4. Nc3 Nbd7 5. e4 c5 6. d5 g6 7. Be2 Bg7 8. O-O
O-O 9. h3 Bxf3 10. Bxf3 Ne8 11. Bf4 Nc7 12. Qd2 Re8 13. Be2 a6 14. a4 Rb8 15.
Bg3 Bd4 16. Kh1 Nf6 17. Bd3 e6 18. dxe6 Rxe6 19. Rae1 Qe8 20. Qc2 Qc6 21. f3
Rbe8 22. Bh2 Be5 23. Nd5 Bxh2 24. Kxh2 Qd7 25. Qc3 Nfxd5 26. cxd5 R6e7 27. b4
b6 28. bxc5 dxc5 29. f4 Qd6 30. Rc1 Rxe4 31. Bxe4 Rxe4 32. Rcd1 Nxd5 33. Qf3
Rd4 34. Rxd4 cxd4 35. Qe4 Nf6 36. Qe5 Qxe5 37. fxe5 Nd7 38. Rd1 Nxe5 39. Rxd4
b5 40. Rd5 Nc4 41. Rc5 h5 42. Rc6 Ne5 43. Rxa6 bxa4 44. Rxa4 Kg7 45. Kg3 Nc6
46. Kf4 Ne7 47. Ke5 Nf5 48. Ra7 Ne3 49. g3 Nf5 50. g4 hxg4 51. hxg4 Nh6 52. Kf4
Kf8 53. Ra4 Kg7 54. Ke5 g5 55. Rb4 Kg6 56. Rb6+ 1/2-1/2

[Event "XV Festival A"]
[Site "Porto San Giorgio ITA"]
[Date "2003.08.23"]
[Round "3"]
[White "Kuljasevic, Davorin"]
[Black "Chatalbashev, Boris"]
[Result "1/2-1/2"]
[WhiteElo "2419"]
[BlackElo "2509"]
[PlyCount "66"]
[EventDate "2003.08.21"]

1. d4 Nf6 2. Nf3 c5 3. d5 b5 4. Bg5 Ne4 5. Bh4 Bb7 6. a4 Qa5+ 7. Nbd2 Bxd5 8.
axb5 Qc7 9. Ra4 Nxd2 10. Nxd2 d6 11. e4 Bb7 12. Qa1 h6 13. Rxa7 Rxa7 14. Qxa7
g5 15. Bg3 Bg7 16. Bc4 Qc8 17. Bd5 Bxd5 18. exd5 O-O 19. O-O f5 20. f3 Qd7 21.
b6 Bxb2 22. Rb1 Bd4+ 23. Bf2 Bxf2+ 24. Kxf2 Qd8 25. Nc4 g4 26. f4 e6 27. dxe6
Qf6 28. Rd1 d5 29. Rxd5 Qh4+ 30. Kf1 Qxh2 31. Qc7 Qh1+ 32. Kf2 g3+ 33. Kxg3
Qe1+ 1/2-1/2

[Event "XV Festival A"]
[Site "Porto San Giorgio ITA"]
[Date "2003.08.23"]
[Round "3"]
[White "Lauria, Amilcare"]
[Black "Burmakin, Vladimir"]
[Result "1/2-1/2"]
[WhiteElo "2174"]
[BlackElo "2575"]
[PlyCount "151"]
[EventDate "2003.08.21"]

1. e4 c6 2. d4 d6 3. Nf3 Nd7 4. Bc4 d5 5. exd5 Nb6 6. Bd3 cxd5 7. O-O Nf6 8.
Bf4 g6 9. Nc3 a6 10. Re1 Bg7 11. Qd2 O-O 12. Bh6 Re8 13. Bxg7 Kxg7 14. Ne5 Be6
15. Rad1 Nc8 16. Qf4 Nd6 17. g4 b5 18. f3 Qc8 19. Re2 Rb8 20. h4 Nc4 21. Bxc4
dxc4 22. d5 Qc5+ 23. Qd4 Qxd4+ 24. Rxd4 Bc8 25. Nc6 Rb7 26. g5 Ng8 27. Ne4 Rc7
28. Nd6 Rf8 29. Nxc8 Rfxc8 30. c3 Rd7 31. Ne5 Rd6 32. f4 f6 33. Nc6 Kf8 34. a3
e6 35. Nb4 a5 36. Nc2 exd5 37. Red2 Rcd8 38. Ne3 fxg5 39. fxg5 Ne7 40. Kf2 Kf7
41. a4 Ke6 42. Re2 Kd7 43. axb5 Rb8 44. Red2 Rxb5 45. Nxc4 Re6 46. Ne3 Kc6 47.
Rf4 Re4 48. Kf3 Rxf4+ 49. Kxf4 Rb8 50. Ng4 Kd6 51. Nf6 Rc8 52. Rd4 Ke6 53. Ra4
h5 54. Rxa5 Rc4+ 55. Kf3 Rxh4 56. Ra6+ Kf5 57. Kg3 Rc4 58. Ra5 Ke5 59. Rb5 Rf4
60. b3 h4+ 61. Kg2 Ke6 62. Rc5 Rf5 63. Nh7 Re5 64. b4 Kd6 65. Ra5 Re2+ 66. Kf1
Rc2 67. Ra6+ Ke5 68. Nf8 Nf5 69. Nxg6+ Ke4 70. Re6+ Kf3 71. Ne5+ Kg3 72. g6 h3
73. g7 Nxg7 74. Rg6+ Kf4 75. Nd3+ Ke3 76. Rxg7 1/2-1/2

[Event "XV Festival A"]
[Site "Porto San Giorgio ITA"]
[Date "2003.08.23"]
[Round "3"]
[White "Miladinovic, Igor"]
[Black "Sebastianelli, Dario"]
[Result "1-0"]
[WhiteElo "2609"]
[BlackElo "2239"]
[PlyCount "43"]
[EventDate "2003.08.21"]

1. d4 d5 2. Bg5 h6 3. Bh4 c6 4. Nf3 Qb6 5. Qc1 Bf5 6. e3 e6 7. c4 Nd7 8. Nc3
Be7 9. Bg3 Ngf6 10. c5 Qd8 11. h3 O-O 12. Be2 Re8 13. O-O Qc8 14. b4 Bd8 15. b5
Bc7 16. bxc6 bxc6 17. Bd6 Ne4 18. Nxe4 Bxe4 19. Ne5 Nb8 20. Bh5 g6 21. f3 Bxd6
22. cxd6 1-0

[Event "XV Festival A"]
[Site "Porto San Giorgio ITA"]
[Date "2003.08.23"]
[Round "3"]
[White "Nicora, Paolo"]
[Black "Jones, Gawain C.B."]
[Result "0-1"]
[WhiteElo "1842"]
[BlackElo "2347"]
[PlyCount "88"]
[EventDate "2003.08.21"]

1. d4 Nf6 2. c4 c5 3. d5 b5 4. cxb5 a6 5. f3 axb5 6. e4 Qa5+ 7. Bd2 b4 8. Na3
d6 9. Nc4 Qd8 10. a3 e6 11. Ne3 exd5 12. exd5 Nbd7 13. axb4 Rxa1 14. Qxa1 cxb4
15. Bxb4 Qb6 16. Qa3 Ne5 17. Nc4 Nxc4 18. Bxc4 Be7 19. Ne2 O-O 20. Ba5 Qa7 21.
Bb4 Qc7 22. Qd3 Bf5 23. Qc3 Qb7 24. Nd4 Bd7 25. Nc6 Bxc6 26. dxc6 Qa7 27. Kd2
Qf2+ 28. Kc1 Ra8 29. Kb1 Bd8 30. Bxd6 Ne8 31. Bc5 Qxg2 32. Rg1 Qxh2 33. Bd4 Bf6
34. Re1 Qc7 35. Be5 Bxe5 36. Rxe5 Kh8 37. Rc5 Qa7 38. Bb3 Nc7 39. Rg5 f6 40.
Rc5 Qa1+ 41. Kc2 Qg1 42. Ra5 Rd8 43. Qc5 Qd1+ 44. Kc3 Rd3+ 0-1

[Event "XV Festival A"]
[Site "Porto San Giorgio ITA"]
[Date "2003.08.23"]
[Round "3"]
[White "Tischbierek, Raj"]
[Black "Naumkin, Igor"]
[Result "1-0"]
[WhiteElo "2522"]
[BlackElo "2406"]
[PlyCount "105"]
[EventDate "2003.08.21"]

1. e4 e6 2. d4 d5 3. Nc3 Bb4 4. e5 c5 5. a3 Bxc3+ 6. bxc3 Ne7 7. Qg4 O-O 8. Bd3
Nbc6 9. Qh5 Ng6 10. Nf3 Qc7 11. Be3 c4 12. Bxg6 fxg6 13. Qg4 Qf7 14. Ng5 Qe8
15. h4 h6 16. Nh3 Qf7 17. Nf4 Ne7 18. Qe2 Bd7 19. g4 Ba4 20. Rh3 a5 21. Kf1 Ra6
22. Rb1 Bc6 23. Kg1 b5 24. h5 Be8 25. Rf1 Rb6 26. hxg6 Nxg6 27. Nh5 Ne7 28. Qd2
Qg6 29. f3 Qh7 30. Nxg7 Qxg7 31. Bxh6 Qg6 32. Bxf8 Kxf8 33. Rh6 Qg7 34. Rf2 Ng8
35. Rh4 Rb7 36. Kh2 Rf7 37. Qe3 Ne7 38. f4 Qg8 39. f5 exf5 40. Qh6+ Qg7 41.
Qh8+ Qxh8 42. Rxh8+ Ng8 43. gxf5 Kg7 44. Rh5 Kf8 45. Rg2 Rg7 46. Rxg7 Kxg7 47.
Rg5+ Kf8 48. Kg3 Ne7 49. f6 Ng8 50. Rg7 Bf7 51. Kf4 a4 52. Kg5 Ke8 53. Rh7 1-0

[Event "XV Festival A"]
[Site "Porto San Giorgio ITA"]
[Date "2003.08.23"]
[Round "3"]
[White "Unterfrauner, Albert"]
[Black "Ventura, Giuseppe"]
[Result "1-0"]
[WhiteElo "2188"]
[BlackElo "2035"]
[PlyCount "57"]
[EventDate "2003.08.21"]

1. Nf3 d6 2. g3 e5 3. d3 g6 4. Bg2 Bg7 5. c4 f5 6. Nc3 Nf6 7. Rb1 O-O 8. O-O
Nc6 9. b4 h6 10. b5 Ne7 11. c5 Be6 12. Ba3 Qd7 13. Qa4 Ned5 14. Nxd5 Nxd5 15.
Qc2 e4 16. dxe4 Nc3 17. c6 bxc6 18. bxc6 Qxc6 19. Nh4 Qc4 20. Rbe1 fxe4 21.
Nxg6 Rf7 22. Bb2 Qxa2 23. Rc1 Bb3 24. Qd2 e3 25. fxe3 Rxf1+ 26. Rxf1 Nd5 27.
Bxd5+ Bxd5 28. Ne7+ Kh7 29. Qd3+ 1-0

[Event "XV Festival A"]
[Site "Porto San Giorgio ITA"]
[Date "2003.08.23"]
[Round "3"]
[White "Valguarnera, Girolamo"]
[Black "Coqueraut, Jean Dominique"]
[Result "1-0"]
[WhiteElo "2130"]
[BlackElo "1765"]
[PlyCount "79"]
[EventDate "2003.08.21"]

1. Nf3 d5 2. g3 c5 3. Bg2 Nc6 4. O-O e5 5. d3 Nf6 6. Nbd2 Be7 7. e4 dxe4 8.
dxe4 Bg4 9. h3 Bxf3 10. Qxf3 Nd4 11. Qd1 O-O 12. c3 Ne6 13. Qe2 a6 14. Nc4 Qc7
15. Ne3 Rfd8 16. Nd5 Nxd5 17. exd5 Nf8 18. Re1 Bd6 19. c4 Re8 20. h4 Re7 21.
Be4 g6 22. Bg5 Ree8 23. Bc2 Nd7 24. h5 f6 25. Bd2 f5 26. hxg6 hxg6 27. Kg2 Kg7
28. Rh1 Rh8 29. Qe3 Be7 30. Rh6 Bf6 31. Rah1 Qd6 32. Rxh8 Rxh8 33. Rxh8 Kxh8
34. Qh6+ Kg8 35. Qxg6+ Kf8 36. Bxf5 Ke7 37. Qg8 b5 38. b3 bxc4 39. bxc4 Qb6 40.
Qh7+ 1-0

[Event "XV Festival A"]
[Site "Porto San Giorgio ITA"]
[Date "2003.08.24"]
[Round "4"]
[White "Bighiu, Gheorghe"]
[Black "Casella, Fulvio"]
[Result "1-0"]
[WhiteElo "2126"]
[BlackElo "1770"]
[PlyCount "79"]
[EventDate "2003.08.21"]

1. h3 e6 2. e3 b6 3. Nf3 Bb7 4. d4 Nf6 5. Bd3 d5 6. Nbd2 Bd6 7. O-O Nbd7 8. Re1
Ne4 9. Nf1 O-O 10. Bxe4 dxe4 11. N3d2 f5 12. Nc4 Qh4 13. Nxd6 cxd6 14. b3 Rf6
15. Qe2 Rg6 16. Ng3 Nf6 17. Ba3 Rd8 18. Qc4 Kf7 19. Kf1 f4 20. exf4 Bd5 21. Qe2
Qxf4 22. Bc1 Qh4 23. a4 Kg8 24. Ba3 Qf4 25. Qe3 e5 26. Qxf4 exf4 27. Nf5 Rg5
28. Nxd6 e3 29. f3 Nh5 30. Nb5 Ng3+ 31. Kg1 Nf5 32. Kh2 Nh4 33. Re2 Bxf3 34.
Be7 Rdd5 35. Bxg5 Rxg5 36. gxf3 Nxf3+ 37. Kh1 Rg3 38. Rxe3 Rxh3+ 39. Kg2 Rg3+
40. Kf2 1-0

[Event "XV Festival A"]
[Site "Porto San Giorgio ITA"]
[Date "2003.08.24"]
[Round "4"]
[White "Burmakin, Vladimir"]
[Black "Capuano, Eugenio"]
[Result "1-0"]
[WhiteElo "2575"]
[BlackElo "2143"]
[PlyCount "63"]
[EventDate "2003.08.21"]

1. d4 d5 2. Nf3 Nf6 3. c4 c6 4. e3 a6 5. a4 e6 6. Nc3 c5 7. cxd5 exd5 8. Be2
Nc6 9. O-O Bd6 10. dxc5 Bxc5 11. b3 O-O 12. Ba3 Bxa3 13. Rxa3 Qa5 14. Na2 Bg4
15. Qb1 Rfd8 16. b4 Qb6 17. a5 Qa7 18. Nc3 b5 19. Rd1 Qe7 20. Rb3 Rac8 21. h3
Bh5 22. Nd4 Nxd4 23. Rxd4 Rxc3 24. Rxc3 Bxe2 25. Rc6 Qb7 26. Rb6 Qc8 27. Qb2
Bc4 28. Rxf6 gxf6 29. Rg4+ Kf8 30. Qxf6 Re8 31. Qd6+ Re7 32. Qh6+ 1-0

[Event "XV Festival A"]
[Site "Porto San Giorgio ITA"]
[Date "2003.08.24"]
[Round "4"]
[White "Campo, Renato"]
[Black "Rossi, Aldo A."]
[Result "1-0"]
[WhiteElo "2142"]
[BlackElo "1839"]
[PlyCount "53"]
[EventDate "2003.08.21"]

1. d4 e5 2. dxe5 Nc6 3. e4 Nxe5 4. Nf3 Nc6 5. Bc4 d6 6. O-O Bg4 7. Qd5 Be6 8.
Qd3 Bxc4 9. Qxc4 Qd7 10. Nc3 O-O-O 11. Be3 Kb8 12. b4 Re8 13. Rfd1 Qe6 14. Qe2
h6 15. Nd4 Nxd4 16. Rxd4 Be7 17. Rc4 Bf6 18. Qd3 Bxc3 19. Qxc3 Nf6 20. f3 Rc8
21. b5 b6 22. a4 Rhe8 23. a5 Re7 24. Rca4 d5 25. Qa3 dxe4 26. axb6 exf3 27. Re4
1-0

[Event "XV Festival A"]
[Site "Porto San Giorgio ITA"]
[Date "2003.08.24"]
[Round "4"]
[White "Chatalbashev, Boris"]
[Black "Aleksic, Nenad"]
[Result "1/2-1/2"]
[WhiteElo "2509"]
[BlackElo "2292"]
[PlyCount "78"]
[EventDate "2003.08.21"]

1. d4 Nf6 2. c4 e6 3. Nf3 b6 4. e3 Bb7 5. Nc3 Bb4 6. Bd3 Ne4 7. O-O Bxc3 8.
bxc3 f5 9. d5 Nc5 10. Ba3 Nba6 11. Nd4 O-O 12. Rb1 Rf6 13. Bc2 Ne4 14. Bxe4
fxe4 15. Ne2 Rh6 16. dxe6 Rxe6 17. c5 Rh6 18. Qa4 Kh8 19. Ng3 Nxc5 20. Bxc5 Bc6
21. Qd4 bxc5 22. Qxc5 a6 23. Rfd1 Qg8 24. Qa5 Rf6 25. Nh5 Rff8 26. Nf4 Qf7 27.
Rb2 d6 28. c4 Kg8 29. h4 Qd7 30. Qg5 Rf5 31. Qg3 Qf7 32. Rc1 Rf8 33. h5 Rc5 34.
Qg4 Bd7 35. Qe2 Be6 36. Rb7 Bxc4 37. Qb2 Rb5 38. Rxb5 axb5 39. Qd4 d5 1/2-1/2

[Event "XV Festival A"]
[Site "Porto San Giorgio ITA"]
[Date "2003.08.24"]
[Round "4"]
[White "Cocchi, Andrea"]
[Black "Helmers, Wim G."]
[Result "1-0"]
[WhiteElo "2292"]
[BlackElo "2127"]
[PlyCount "55"]
[EventDate "2003.08.21"]

1. c4 e5 2. g3 Nf6 3. Bg2 c6 4. d4 exd4 5. Qxd4 d5 6. cxd5 cxd5 7. Nh3 Nc6 8.
Qd1 Bf5 9. O-O Qb6 10. Nf4 Be4 11. Nxd5 Bxd5 12. Bxd5 Rd8 13. e4 Nxd5 14. exd5
Bc5 15. Qg4 Rxd5 16. Nc3 Rd7 17. Qxg7 Bd4 18. Qh6 Kd8 19. Ne4 Qb4 20. Bg5+ Kc8
21. Rac1 Kb8 22. b3 Re8 23. Rc4 Qb6 24. Bf4+ Ka8 25. Nf6 Bxf6 26. Qxf6 Nd4 27.
Qxb6 Ne2+ 28. Kh1 1-0

[Event "XV Festival A"]
[Site "Porto San Giorgio ITA"]
[Date "2003.08.24"]
[Round "4"]
[White "Delizia, Costantino"]
[Black "Bondielli, Giorgio"]
[Result "1-0"]
[WhiteElo "2219"]
[BlackElo "2019"]
[PlyCount "49"]
[EventDate "2003.08.21"]

1. e4 e5 2. Nf3 Nf6 3. d4 Nxe4 4. Bd3 d5 5. Nxe5 Bd6 6. O-O O-O 7. Nd2 f5 8.
Ndf3 Nd7 9. Nxd7 Bxd7 10. c4 c6 11. Qb3 Qb6 12. Qxb6 axb6 13. cxd5 cxd5 14. Ne5
Bxe5 15. dxe5 Be6 16. b4 Nc3 17. a3 d4 18. Bd2 Rfc8 19. Rfc1 g6 20. f3 Kf7 21.
Be1 Rd8 22. Bxc3 dxc3 23. Rxc3 Rd7 24. Rac1 Bd5 25. Bb5 1-0